| 000 | 00584nam a2200205 a 4500 | ||
|---|---|---|---|
| 005 | 20240806064221.0 | ||
| 008 | 150803s2011 br r 000 0 spa d | ||
| 020 | _a9788576172123 | ||
| 035 | _aUPN01000204709 | ||
| 049 | _aCG | ||
| 050 | 4 |
_aBF173 _bCH4.7 |
|
| 100 | 1 |
_aChebabi, Wilson de Lyra, _d1932- _937801 |
|
| 245 | 1 | 0 |
_aTrajetória de um psicanalista / _cWilson de Lyra Chebabi. |
| 260 |
_aRio de Janeiro : _bGaramond, _c2011. |
||
| 300 | _a317 p. | ||
| 650 | 4 |
_aPsicoanálisis _91572 |
|
| 650 | 4 |
_aPSICOANALISTAS - _zBRASIL _925727 |
|
| 905 | _aLibro | ||
| 999 |
_c176810 _d176810 |
||